| 000 | 01102nas a2200337 4500 | ||
|---|---|---|---|
| 001 | BR0702528 | ||
| 003 | BR-BrBNA | ||
| 005 | 20231205110752.0 | ||
| 007 | ta | ||
| 008 | 230509b bl.|||p| |||| 00| 00por d | ||
| 040 |
_aBR-BrBNA _bpor _cBiblioteca Nacional de Agricultura |
||
| 041 | _a(Pt) | ||
| 072 | _aL72 | ||
| 100 | 1 | _aSantana, V.L. de A. | |
| 100 | 1 | _aFaustino, M.A. de G. | |
| 100 | 1 | _aFurlong, J. | |
| 100 | 1 | _aLima, M.M. de | |
| 100 | 1 | _aAlves, L.C. | |
| 245 | 1 | _aDiagnóstico de situação do controle químico do carrapato dos bovinos (Boophilus microplus)em propriedades das mesorregiões da mata e agreste do Estado de Pernambuco - Brasil | |
| 650 | _aBOVINO | ||
| 650 | _aCARRAPATO | ||
| 650 | _aPARASITO DE ANIMAL | ||
| 650 | _aCARRAPATICIDA | ||
| 650 | _aCONTROLE QUÍMICO | ||
| 650 | _aDIAGNÓSTICO | ||
| 650 | _aRESISTÊNCIA A PESTICIDA | ||
| 650 | _aPERNAMBUCO | ||
| 773 | 0 |
_tCiência Veterinária nos Trópicos (Brazil) _xISSN 1415-6326 _g(May-Dec 2001), v. 4(2-3) p. 281-290 _wBR0702528 |
|
| 909 |
_a202311 _bLúcia _c55 _dLúcia Elande |
||
| 942 |
_2AGRIS _n0 _cANA |
||
| 999 |
_c188973 _d188973 |
||